Statistics for Famous People Who Committed Suicide

Click here to take the quiz!

General Stats

  • This quiz has been taken 61 times
  • The average score is 4 of 32

Answer Stats

Answer% Correct
Kurt Cobain
75%
Robin Williams
55%
Marilyn Monroe
44%
Chester Bennington
31%
Ernest Hemingway
31%
Adolf Hitler
27%
Avicii
27%
Chris Cornell
25%
Anthony Bourdain
13%
Virginia Woolf
13%
Kate Spade
9%
Alexander McQueen
2%
Keith Flint
2%
Lucy Gordon
2%
Andrew Koenig
0%
Bob Welch
0%
Brad Delp
0%
Butch Trucks
0%
Cliff Davies
0%
David Berman
0%
Jiah Khan
0%
Margot Kidder
0%
Mark Salling
0%
Miroslava
0%
Pete Ham
0%
Richard Jeni
0%
Sawyer Sweeten
0%
Scott Hutchison
0%
Spalding Gray
0%
Tommy Page
0%
Tony Scott
0%
Verne Troyer
0%

Score Distribution

Percentile by Number Answered

Percent of People with Each Score

Your Score History

You have not taken this quiz